=LDR 00000nam 2200000 4500 =001 INLIS000000000047429 =005 20151116105657.0 =006 =007 =008 =020 ##$$a 979-3632-93-3 =035 ##$$0010-111500000000033 =040 ##$$a ind =082 ##$$a 616.342 =090 ##$$a 616.342 7 $b End =100 ##$$a Endang =245 ##$$a Jangan Sepelekan Diare =250 ##$$a - =260 ##$$a Jaksel $b Sunda Kelapa $c 2010 =300 ##$$a iv, 60 hlm $b 25 cm =850 ##$$a NBPDMAT =990 ##$$a 0001/BPAP-NTB/2015